[Event "Internet Section 06B g/8'+2\""]
[Site "Dos Hermanas"]
[Date "2004.03.06"]
[Round "1"]
[White "Araixa Neto, Fernando"]
[Black "Marques de Oliveira, Jose"]
[Result "1-0"]
[WhiteElo "2022"]
[BlackElo "1018"]
[PlyCount "47"]
[EventDate "2004.03.06"]
[EventType "swiss (blitz)"]
[EventRounds "9"]
[EventCountry "ESP"]
[SourceTitle "CBM 099 Extra"]
[Source "ChessBase"]
[SourceDate "2004.05.04"]
[SourceVersion "1"]
[SourceVersionDate "2004.05.04"]
[SourceQuality "1"]

1. d4 d5 2. Nf3 f6 3. Bf4 Nc6 4. c3 g5 5. Bg3 g4 6. Nh4 f5 7. e3 Nf6 8. Bd3 Bh6 9. Nxf5 Bxf5 10. Bxf5 Na5 11. Be5 Nc4 12. Bxf6 exf6 13. Qxg4 Nxb2 14. Qh5+ Ke7 15. Qxh6 Qg8 16. 0-0 Qg5 17. Qxg5 fxg5 18. Nd2 Raf8 19. g4 c6 20. Rab1 Nc4 21. Nxc4 dxc4 22. Rxb7+ Kf6 23. e4 Ra8 24. e5# 1-0

[Event "Internet Section 06A g/8'+2\""]
[Site "Dos Hermanas"]
[Date "2004.03.06"]
[Round "9"]
[White "Kosir, Anton"]
[Black "Marques de Oliveira, Jose"]
[Result "1-0"]
[WhiteElo "1250"]
[BlackElo "1018"]
[PlyCount "143"]
[EventDate "2004.03.06"]
[EventType "swiss (blitz)"]
[EventRounds "9"]
[EventCountry "ESP"]
[SourceTitle "CBM 099 Extra"]
[Source "ChessBase"]
[SourceDate "2004.05.04"]
[SourceVersion "1"]
[SourceVersionDate "2004.05.04"]
[SourceQuality "1"]

1. e4 d5 2. exd5 Qxd5 3. Nc3 Qd8 4. Bc4 Be6 5. Bxe6 fxe6 6. Nf3 Nf6 7. d3 Nc6 8. h3 Nd4 9. Nxd4 Qxd4 10. Be3 Qe5 11. 0-0 c5 12. Re1 b6 13. Qf3 Rd8 14. Nb5 a6 15. Bf4 Qxb2 16. Nc7+ Kf7 17. Be5 Qxc2 18. Bxf6 exf6 19. Nxa6 Qxd3 20. Qb7+ Rd7 21. Qxb6 Be7 22. Nxc5 Qd6 23. Qxd6 Rxd6 24. a4 Rc6 25. Nd3 e5 26. a5 Ra8 27. Ra4 Bc5 28. Nxc5 Rxc5 29. Rea1 Ke6 30. a6 Kd6 31. a7 Kc6 32. Rb1 Kc7 33. f3 g5 34. Kh2 h5 35. Ra6 f5 36. Kg3 f4+ 37. Kh2 Kc8 38. Rb4 Rc7 39. Rba4 Re7 40. R4a5 Rd7 41. Rxe5 Raxa7 42. Rxa7 Rxa7 43. Rxg5 Ra4 44. Rxh5 Kd7 45. Rg5 Ke6 46. h4 Kf6 47. Rg4 Kf5 48. Kh3 Ra1 49. Kh2 Ra8 50. h5 Rh8 51. Rh4 Kg5 52. Kh3 Rh6 53. g4 fxg3 54. Kxg3 Re6 55. h6 Re1 56. Rh2 Rg1+ 57. Kf2 Rd1 58. h7 Rd2+ 59. Kg3 Rd8 60. h8Q Rxh8 61. Rxh8 Kf5 62. Rh1 Kg5 63. Rf1 Kf5 64. f4 Kf6 65. f5 Ke5 66. f6 Kd4 67. f7 Ke5 68. f8Q Kd4 69. Qe8 Kc3 70. Rd1 Kc4 71. Qc8+ Kb3 72. Rb1+ 1-0

[Event "Internet Section 06A g/8'+2\""]
[Site "Dos Hermanas"]
[Date "2004.03.06"]
[Round "6"]
[White "Marques de Oliveira, Jose"]
[Black "Gerasenko, Arkady"]
[Result "0-1"]
[WhiteElo "1020"]
[BlackElo "1451"]
[PlyCount "36"]
[EventDate "2004.03.06"]
[EventType "swiss (blitz)"]
[EventRounds "9"]
[EventCountry "ESP"]
[SourceTitle "CBM 099 Extra"]
[Source "ChessBase"]
[SourceDate "2004.05.04"]
[SourceVersion "1"]
[SourceVersionDate "2004.05.04"]
[SourceQuality "1"]

1. e4 c5 2. d4 cxd4 3. Qxd4 Nc6 4. Qd1 g6 5. Nc3 Bg7 6. Bf4 Qa5 7. Qd3 Nf6 8. 0-0-0 0-0 9. Re1 d6 10. a3 Be6 11. Nf3 Rfd8 12. Qb5 Qc7 13. e5 a6 14. Qe2 dxe5 15. Bxe5 Nxe5 16. Nxe5 Rac8 17. Qe3 Nd5 18. Nxd5 Qxc2# 0-1

[Event "Internet Section 06A g/8'+2\""]
[Site "Dos Hermanas"]
[Date "2004.03.06"]
[Round "5"]
[White "Marques de Oliveira, Jose"]
[Black "Gier, Rodrigo"]
[Result "1-0"]
[WhiteElo "1023"]
[BlackElo "1226"]
[PlyCount "107"]
[EventDate "2004.03.06"]
[EventType "swiss (blitz)"]
[EventRounds "9"]
[EventCountry "ESP"]
[SourceTitle "CBM 099 Extra"]
[Source "ChessBase"]
[SourceDate "2004.05.04"]
[SourceVersion "1"]
[SourceVersionDate "2004.05.04"]
[SourceQuality "1"]

1. e4 d5 2. e5 Nc6 3. Bb5 f6 4. d4 Be6 5. f4 h5 6. Nf3 Bd7 7. exf6 gxf6 8. 0-0 e5 9. dxe5 Bg4 10. h3 Bd7 11. Nh4 Nge7 12. exf6 Nc8 13. Re1+ Kf7 14. Bxc6 Bxc6 15. Nc3 Qxf6 16. g3 Bc5+ 17. Be3 b6 18. a3 Rg8 19. Kh2 Nd6 20. Qxh5+ Ke6 21. Bxc5+ Kd7 22. Bxd6 cxd6 23. Nxd5 Qxb2 24. Qh7+ Kc8 25. Ne7+ Kb7 26. Nxg8+ Ka6 27. Qd3+ Ka5 28. Qd2+ Ka4 29. Qb4+ Qxb4 30. axb4+ Kxb4 31. Reb1+ Kc5 32. Nf6 Re8 33. Nxe8 Bxe8 34. Rxa7 Bc6 35. Rc7 b5 36. Nf5 d5 37. Nd4 Kxd4 38. Rxc6 Ke4 39. Rxb5 Kf5 40. Rxd5+ Ke4 41. Re5+ Kd4 42. Rd6+ Kc3 43. Rc6+ Kd4 44. c3+ Kd3 45. Rd5+ Ke3 46. Re6+ Kf3 47. Rd3+ Kf2 48. f5 Kf1 49. Rd1+ Kf2 50. g4 Kf3 51. Rd3+ Kf2 52. Ree3 Kf1 53. Kg3 Kg1 54. Rd1# 1-0

[Event "Internet Section 06B g/8'+2\""]
[Site "Dos Hermanas"]
[Date "2004.03.06"]
[Round "7"]
[White "Marques de Oliveira, Jose"]
[Black "Milman, John"]
[Result "0-1"]
[WhiteElo "1025"]
[BlackElo "1270"]
[PlyCount "78"]
[EventDate "2004.03.06"]
[EventType "swiss (blitz)"]
[EventRounds "9"]
[EventCountry "ESP"]
[SourceTitle "CBM 099 Extra"]
[Source "ChessBase"]
[SourceDate "2004.05.04"]
[SourceVersion "1"]
[SourceVersionDate "2004.05.04"]
[SourceQuality "1"]

1. e4 e5 2. d4 Nc6 3. d5 Nb4 4. c3 Na6 5. Bxa6 bxa6 6. c4 c6 7. Nc3 Bc5 8. Be3 Bxe3 9. fxe3 Nf6 10. Nf3 Nxe4 11. Nxe4 d6 12. 0-0 0-0 13. b4 Bf5 14. Ng3 Bg6 15. e4 Qb6+ 16. Kh1 Qxb4 17. Nd2 Rfb8 18. dxc6 Qc5 19. Qa4 Rb6 20. Nb3 Qd4 21. Rfe1 Rab8 22. Rab1 Qc3 23. c7 d5 24. cxb8Q+ Rxb8 25. exd5 Bxb1 26. Rxb1 Qd3 27. Rc1 e4 28. Nf5 g6 29. Ne7+ Kf8 30. Nc6 Re8 31. Re1 e3 32. Nb4 Qf5 33. Nd4 Qf2 34. Nf3 e2 35. Qc2 Qf1+ 36. Rxf1 exf1Q+ 37. Ng1 Re1 38. Qf2 Qxf2 39. h4 Qxg1# 0-1

[Event "Internet Section 06B g/8'+2\""]
[Site "Dos Hermanas"]
[Date "2004.03.06"]
[Round "5"]
[White "Rothbart, Andrew"]
[Black "Marques de Oliveira, Jose"]
[Result "1-0"]
[WhiteElo "1141"]
[BlackElo "1003"]
[PlyCount "149"]
[EventDate "2004.03.06"]
[EventType "swiss (blitz)"]
[EventRounds "9"]
[EventCountry "ESP"]
[SourceTitle "CBM 099 Extra"]
[Source "ChessBase"]
[SourceDate "2004.05.04"]
[SourceVersion "1"]
[SourceVersionDate "2004.05.04"]
[SourceQuality "1"]

1. e4 d5 2. exd5 Qxd5 3. Nc3 Qd8 4. Nf3 f6 5. d4 e5 6. Bc4 Bg4 7. Be2 Nc6 8. dxe5 Qxd1+ 9. Bxd1 fxe5 10. 0-0 Bxf3 11. Bxf3 Bb4 12. a3 Bxc3 13. b3 Bxa1 14. Bg5 h6 15. Bh4 g5 16. Bg3 0-0-0 17. Rxa1 Rd2 18. c4 Nge7 19. Bg4+ Kd8 20. h4 gxh4 21. Bxh4 h5 22. Be6 Rf8 23. b4 Nd4 24. Bh3 Ne2+ 25. Kh1 Nf4 26. Re1 Nxh3 27. gxh3 Rd4 28. Bg5 Rxf2 29. Be3 Rff4 30. Bxf4 Rxf4 31. Rxe5 Rh4 32. Kh2 Ng6 33. Rg5 Nf4 34. Kg3 Rxh3+ 35. Kxf4 Rxa3 36. Rxh5 Ra4 37. Ke5 Rxb4 38. Kd4 b5 39. Kc3 Rxc4+ 40. Kb3 a6 41. Rh6 a5 42. Rh8+ Kd7 43. Rh7+ Kc6 44. Rh6+ Kb7 45. Rh5 a4+ 46. Ka3 c6 47. Rh7+ Kb6 48. Rh8 Kc5 49. Rh5+ Kd4 50. Rh4+ Kd3 51. Rh3+ Ke4 52. Rh4+ Kf3 53. Rh3+ Kg4 54. Rh8 Rc3+ 55. Kb2 b4 56. Rg8+ Kf5 57. Rf8+ Ke6 58. Re8+ Kd7 59. Ra8 a3+ 60. Ka2 Rc2+ 61. Kb1 Rc3 62. Ka2 c5 63. Kb1 Rb3+ 64. Ka2 c4 65. Ra7+ Kc6 66. Ra6+ Kb5 67. Ra8 Rb2+ 68. Ka1 c3 69. Rh8 Rd2 70. Rh5+ Ka4 71. Rh1 Rc2 72. Rg1 b3 73. Rf1 b2+ 74. Kb1 a2+ 75. Kxc2 1-0